000 01595ngm a2200301Ia 4500
005 20250324163537.0
007 vd cvaizk
008 241113s2024 119 ## v eng d
024 _a043396640276
_q (videorecording)
040 _aCTMMSN
_beng
_erda
_cCTMMSN
092 _advd
245 0 0 _aAlien: Romulus
_h[videorecording].
264 _a[Place of publication not identified?]:
_b20th Century Fox,
_c2024
264 _aOld Saybrook, Connecticut :
_bwww.micromarketing.org
300 _a[1 videodisc (approximately 119 minutes)?] :
_bsound, color;
_c4 3/4 in.
336 _atwo-dimensional moving image
337 _avideo
338 _avideodisc
500 _a[Typographic symbols and accents removed for systems compatibility.]
500 _aWidescreen edition.
520 _aThis truly terrifying sci-fi horror-thriller takes the legendary "Alien" franchise back to it's iconic roots. While scavenging the deep ends of a derelict space station, a group of young colonizers come face-to-face with the deadliest life form in the universe. Warning: Some flashing-lights scenes in this film may affect photosensitive viewers. Credits: Archie Renaux, Cailee Spaeny, David Jonsson, Isabela Merced. Directors: Fede Alvarez. 20th Century Fox; 043396640276; 1 Disc(s); 119 min; HORROR / SCI-FI / FANTASY; R; 12/03/24
521 _aRating: R.
538 _aDVD, color, widescreen, NTSC.
650 7 _aFeature Films
_2bisacsh
655 _aVideo recordings.
_2lcgft
710 _a20th Century Fox
_96490747
942 _2ddc
_cR-VIDEO
999 _c402072
_d402072